000 00459cam a22001815a 4500
001 ##L132825
008 000000s1950 xxk 000 0 eng u
035 _a(Sirsi) u132825
041 0 _aeng
050 0 4 _a333.0062 $2 18
110 2 _aLand Agents' Society
245 0 0 _aCharter and bye-laws
260 _aLondon
_bLand Agents' Society
_c1950
300 _a55p.
_c22cm.
651 4 _aUnited Kingdom
_y
690 _aBusiness and management
942 _n0
999 _c105247
_d105247